Statistiques concernant Liste des pays avec le taux de fécondité le plus élevé

Cliquez ici pour prendre le quiz!

Statistiques générales

  • Ce quiz a été pris 117 fois
  • Le résultat moyen est 13 sur 20

Statistiques - réponses

TauxPays% Correct
6,76Niger
94%
5,19Nigéria
91%
5,15Ethiopie
88%
4,88Guinée
84%
5,99Somalie
83%
6,06Mali
80%
4,89Tanzanie
69%
5,37Angola
68%
4,76Cameroun
67%
5,89Ouganda
66%
5,72Zambie
65%
5,86Burkina Faso
64%
5,21Mozambique
61%
6,09Burundi
58%
5,31Soudan du Sud
58%
5,6Malawi
54%
4,95Bénin
52%
4,80Sierra Leone
49%
5,33Afghanistan
25%
5,01Timor Oriental
2%

Distribution des résultats

Percentile par nombre de réponses

% des personnes avec chaque résultat

Votre développement - résultats

Vous n’avez pas pris ce quiz